Tìm hiểu thủ tục giải quyết các tranh chấp lao động và các văn bản hướng dẫn thi hành

Giới thiệu các văn bản pháp quy về hướng dẫn thi hành thực hiện các pháp lệnh về lao động, giải quyết các tranh chấp lao động.

Đã lưu trong:
书目详细资料
主要作者: Trần, Quang Dung
格式: 图书
语言:Undetermined
出版: Đồng Nai Nhà xuất bản Đồng Nai 2000
主题:
标签: 添加标签
没有标签, 成为第一个标记此记录!
Thư viện lưu trữ: Trung tâm Học liệu Trường Đại học Cần Thơ
LEADER 00888nam a2200217Ia 4500
001 CTU_38306
008 210402s9999 xx 000 0 und d
020 |c 36000 
082 |a 344.01 
082 |b D513 
100 |a Trần, Quang Dung 
245 0 |a Tìm hiểu thủ tục giải quyết các tranh chấp lao động và các văn bản hướng dẫn thi hành 
245 0 |c Trần Quang Dung 
260 |a Đồng Nai 
260 |b Nhà xuất bản Đồng Nai 
260 |c 2000 
520 |a Giới thiệu các văn bản pháp quy về hướng dẫn thi hành thực hiện các pháp lệnh về lao động, giải quyết các tranh chấp lao động. 
650 |a Labor laws and legislation 
650 |z Vietnam 
904 |i Minh, 001012 
980 |a Trung tâm Học liệu Trường Đại học Cần Thơ